000 00434nam a2200133 a 4500
001 000002314
005 20240229073953.0
008 090701s1992 dr a 000 0 spa d
040 _aDO-SdBNP
_bspa
_cBNPHU
100 1 _aVega, Bernardo,
_d1938 -
_93222
245 1 3 _aLa verdadera ubicación del Golfo de las Flechas /
_cBernardo Vega.
260 _aSanto Domingo :
_bFundación Cultural Dominicana,
_c1992.
300 _a20 p. :
_bil. ;
_c28 cm.
999 _c2159
_d2159